| 000 | 00700nam a2200217Ia 4500 | ||
|---|---|---|---|
| 005 | 20241129104133.0 | ||
| 008 | 241129s9999||||xx |||||||||||||| ||und|| | ||
| 020 | _a9781793643988 | ||
| 037 | _aTextual | ||
| 040 |
_aRTL _beng _cRTL |
||
| 041 |
_aeng _2eng |
||
| 084 |
_aY7.P R1 _qRTL |
||
| 100 |
_aLegett Willaim H.; Legett Ida Fadzillah _9724939 |
||
| 245 | 0 |
_aField stories: Experiences affect and the lessons of anthropology in the twenty-first century _cLegett Willaim H.; Legett Ida Fadzillah |
|
| 260 |
_aNew York _bLexington Books _c2021 |
||
| 300 | _aviii,133p. | ||
| 365 |
_aINR _b3135.65 |
||
| 650 | _aAnthropology | ||
| 942 |
_cTB _hY7.P R1 |
||
| 999 |
_c1224579 _d1224579 |
||